Antônio Carlos Jobim - Letras de Garota de Ipanema - Statistics

Estatísticas Gerais
  • Esse quiz foi jogado 40 vezes
    38 desde o último reset
  • A pontuação média é 128 de 162
Estatísticas das Respostas
Letra % Correto
a
100%
A
100%
de
100%
É
100%
e
100%
é
100%
E
100%
O
100%
que
100%
Que
100%
mais
96%
Olha
96%
93%
cheia
93%
coisa
93%
do
93%
graça
93%
linda,
93%
linda
93%
passa
93%
93%
menina,
86%
se
86%
vem
86%
ela,
79%
ela
79%
Ipanema
79%
mar
79%
Moça
79%
por
79%
Por
79%
tão
75%
amor
71%
eu
71%
vi
71%
balanço
68%
beleza
68%
Sol
68%
Ah,
64%
Ah
64%
corpo
64%
dourado,
64%
minha
64%
mundo
64%
passar
64%
quando
64%
triste ?
64%
tudo
64%
um
64%
caminho
61%
causa
61%
doce
61%
61%
não
61%
enche
57%
estou
57%
existe
57%
lindo
57%
seu
57%
sozinho ?
57%
fica
54%
poema
54%
soubesse
54%
inteirinho
50%
sozinha
46%
balançado
43%
Num
39%
também
39%
Nenhum quiz correspondente encontrado
Distribuição das Pontuações
Porcentagem de Pessoas com Cada Pontuação
Percentil de Números Respondidos
Sua Pontuação Histórica
Você não jogou esse quiz desde o último reset